| Поле | Инд. | ПП | Название | Значение |
|---|---|---|---|---|
| Тип записи | a | |||
| Библиографический уровень | b | |||
| 001 | Контрольный номер | 3d1d4408e6f84ac19f16334af6ad8b5c | ||
| 005 | Дата корректировки | 20200625111506.2 | ||
| 008 | Кодируемые данные | 20170331 | ||
| 040 | b | Код языка каталог. | rus | |
| e | Правила каталог. | PSBO | ||
| 041 | 0_ | a | Код языка текста | rus |
| 084 | a | Индекс другой классификации/Индекс ББК | 67.410.1(2Рос) | |
| 100 | 1_ | a | Автор | Сайфудинова А. А. |
| 245 | 10 | a | Заглавие | Особенности гражданских процессуальных правоотношений: некоторые аспекты |
| 520 | 0_ | a | Аннотация | В статье автором рассматриваются особенности гражданских процессуальных правоотношений. Проводится анализ признаков гражданских процессуальных отношений, которые позволяют безошибочно отграничить правоотношения, возникающие в сфере гражданского процесса, от правоотношений, возникающих в иных отраслях права. Целью изучения данного вопроса является формирование представления об особенностях гражданских процессуальных правоотношений. Методологическую основу проведенного исследования составили общетеоретические методы научного познания, в частности, методы дедукции, синтеза, классификации. При рассмотрении поставленного вопроса также применяются формально-юридический и сравнительно-правовой методы. Исследование осуществлялось посредством анализа нормативно-правовой базы и теоретических источников. В статье сформирована авторская позиция относительно признаков и особенностей гражданских процессуальных правоотношений. Кроме особенностей самих гражданских процессуальных правоотношений, автором также определяются особенности их возникновения при существовании определенных элементов, к числу которых относятся субъекты, объект и собственно содержание правоотношения |
| 650 | 14 | a | Основная рубрика | право; процессуальное право; гражданское процессуальное право |
| 653 | 0_ | a | Ключевые слова | гражданские процессуальные правоотношения |
| a | Ключевые слова | гражданский процесс | ||
| a | Ключевые слова | Гражданский процессуальный кодекс РФ | ||
| a | Ключевые слова | объекты гражданских правоотношений | ||
| a | Ключевые слова | правовое регулирование | ||
| a | Ключевые слова | процессуальные правоотношения | ||
| a | Ключевые слова | Россия | ||
| a | Ключевые слова | субъекты гражданских правоотношений | ||
| 773 | 08 | t | Заглавие источника | Российская юстиция |
| d | Дата издания источника | 2020 | ||
| g | Прочая информация | № 3. - С. 27 - 29 | ||
| w | Контрольный № источника | e7466aa06b2540358281e2135db0f8ff | ||
| 901 | t | Тип документа | b |